| 000 | 00687nam a2200205Ia 4500 | ||
|---|---|---|---|
| 005 | 20250508160254.0 | ||
| 008 | 008 250505s9999 xx 000 0 eng d | ||
| 037 | _aBooks to be hide in OPAC | ||
| 040 |
_aFEDL _beng _cFEDL |
||
| 041 |
_aeng _2eng |
||
| 084 |
_a016.001 4, IND _qFEDL |
||
| 245 | 0 | _aCurrent research in social sciences in Universities and college | |
| 245 | 0 | _cIndian Council of Social Science Research | |
| 260 |
_aNew Delhi, India _bIndian Council of Social Science Research _c1971 |
||
| 300 | _a92p | ||
| 490 | _aResearch information series, Vol 1; No. 3 | ||
| 650 | _aBibliography | ||
| 942 |
_cHB _h016.001 4, IND |
||
| 999 |
_c1363292 _d1363292 |
||